ბათუმის შოთა რუსთაველის სახელმწიფო უნივერსიტეტის ბიბლიოთეკა

მეკობრეობა და საზღვაო ტერორიზმი, როგორც საერთაშორისო ნაოსნობის უსაფრთხოების გლობალური პრობლემა / (ბიბ.ჩანაწერი № 36804)

000 -ლიდერი
ფიქსირებული სიგრძის საკონტროლო ველი 01755nam a2200313Ia 4500
001 - საკონტროლო ნომერი
საკონტროლო ველი 2746
003 - საკონტროლო ნომრის იდენტიფიკატორი
საკონტროლო ველი GE_BSU
005 - ბოლო ოპერაციის თარიღი და დრო
საკონტროლო ველი 20190607142114.0
008 - ფიქსირებული სიგრძის მონაცემთა ელემენტები - ზოგადი ინფორმაცია
ფიქსირებული სიგრძის საკონტროლო ველი 181216s||||||||xx |||||||||||||| ||und||
020 ## - წიგნის საერთაშორისო სტანდარტული ნომერი
International Standard Book Number 9789941409158
040 ## - კატალოგიზაციის წყარო
Transcribing agency GE_BSU
041 ## - ენის კოდი
Language code of text/sound track or separate title geo
080 ## - უნივერსალური ათობითი კლასიფიკაციის ინდექსი
Universal Decimal Classification number 656.61.086.26+341.362.1 კ–75
100 ## - მთავარი ჩანაწერი - პიროვნების სახელი
Personal name კოპალეიშვილი, პაატა
9 (RLIN) 2267
245 ## - ცნობა სათაურის შესახებ
Title მეკობრეობა და საზღვაო ტერორიზმი, როგორც საერთაშორისო ნაოსნობის უსაფრთხოების გლობალური პრობლემა /
Statement of responsibility, etc პაატა კოპალეიშვილი.
300 ## - ფიზიკური აღწერა
Extent 57 გვ.
Other physical details 20 სმ.
490 ## - სერიის ცნობა
Series statement სამართალმცოდნეობის სპეციალობის სტუდენტის ბიბლიოთეკა,
International Standard Serial Number ISSN 1987-5894
504 ## - BIBLIOGRAPHY, ETC. NOTE
Bibliography, etc დანართი: გვ. 56. - ბიბლიოგრ.: გვ. 57.
653 ## - INDEX TERM--UNCONTROLLED
Uncontrolled term მეკობრეობა
653 ## - INDEX TERM--UNCONTROLLED
Uncontrolled term საზღვაო ტერორიზმი
700 ## - ADDED ENTRY--PERSONAL NAME
Personal name გორგოშაძე, მურმან
Relator term რედაქტორი
9 (RLIN) 2268
700 ## - ADDED ENTRY--PERSONAL NAME
Personal name გუნთაიშვილი, როსტომ
Relator term რედაქტორი
9 (RLIN) 2269
700 ## - ADDED ENTRY--PERSONAL NAME
Personal name ფუტკარაძე, ნუგზარ
Relator term რედაქტორი
9 (RLIN) 249
700 ## - ADDED ENTRY--PERSONAL NAME
Personal name ფარტენაძე, ომარ
Relator term რედაქტორი
9 (RLIN) 2270
700 ## - ADDED ENTRY--PERSONAL NAME
Personal name მახარაძე, ომარ
Relator term რედაქტორი
9 (RLIN) 244
700 ## - ADDED ENTRY--PERSONAL NAME
Personal name ჯაყელი, ლევან
Relator term რედაქტორი
9 (RLIN) 2271
942 ## - ADDED ENTRY ELEMENTS (KOHA)
Koha item type წიგნი
Source of classification or shelving scheme
ეგზემპლარები
ჩამოწერის სტატუსი დაკარგული ეგზემპლარის სტატუსი კლასიფიკაციის წყარო ან თაროზე გაწყობის სქემა დაზიანების სტატუსი არ გაიცემა მუდმივი მდებარეობა (დაცვის ადგილი) ამჟამინდელი ადგილსამყოფელი თაროზე განთავსების ადგილი შეძენის თარიღი ღირებულება, შესყიდვის ნორმალური ფასი სრული შენახვის შიფრი შტრიხკოდი ბოლო ოპერაციის თარიღი ეგზემპლარის მიმდევრობითი ნომერი (კეტერი?) ფასის ძალაში შესვლის თარიღი ეგზემპლარის სახეობა საჯარო შენიშვნა
          ბათუმის შოთა რუსთაველის სახელმწიფო უნივერსიტეტის მთავარი ბიბლიოთეკა ბათუმის შოთა რუსთაველის სახელმწიფო უნივერსიტეტის მთავარი ბიბლიოთეკა წიგნსაცავი 2018-12-17 2.00 656.61.086.26+341.362.1 კ–75 4673 2018-12-17 4673 2018-12-17 წიგნი 2 ლ.
          ბათუმის შოთა რუსთაველის სახელმწიფო უნივერსიტეტის მთავარი ბიბლიოთეკა ბათუმის შოთა რუსთაველის სახელმწიფო უნივერსიტეტის მთავარი ბიბლიოთეკა წიგნსაცავი 2018-12-17 2.00 656.61.086.26+341.362.1 კ–75 4674 2018-12-17 4674 2018-12-17 წიგნი 2 ლ.
          ბათუმის შოთა რუსთაველის სახელმწიფო უნივერსიტეტის მთავარი ბიბლიოთეკა ბათუმის შოთა რუსთაველის სახელმწიფო უნივერსიტეტის მთავარი ბიბლიოთეკა წიგნსაცავი 2018-12-17 2.00 656.61.086.26+341.362.1 კ–75 4675 2018-12-17 4675 2018-12-17 წიგნი 2 ლ.
          ბათუმის შოთა რუსთაველის სახელმწიფო უნივერსიტეტის მთავარი ბიბლიოთეკა ბათუმის შოთა რუსთაველის სახელმწიფო უნივერსიტეტის მთავარი ბიბლიოთეკა წიგნსაცავი 2018-12-17 2.00 656.61.086.26+341.362.1 კ–75 4676 2018-12-17 4676 2018-12-17 წიგნი 2 ლ.
          ბათუმის შოთა რუსთაველის სახელმწიფო უნივერსიტეტის მთავარი ბიბლიოთეკა ბათუმის შოთა რუსთაველის სახელმწიფო უნივერსიტეტის მთავარი ბიბლიოთეკა წიგნსაცავი 2018-12-17 2.00 656.61.086.26+341.362.1 კ–75 4677 2018-12-17 4677 2018-12-17 წიგნი 2 ლ.